| 000 | 00692nam a22001937a 4500 | ||
|---|---|---|---|
| 005 | 20240402145728.0 | ||
| 010 | _aENG-139710 | ||
| 020 |
_a8188808946 _c595.00 |
||
| 035 | _aEN-123242 | ||
| 037 | _bDBAD/PUB | ||
| 082 |
_a307.141 _21 |
||
| 100 |
_aBhattacharya, Manik _964193 |
||
| 245 |
_aDecentralised participatory rural trnsformation: _bDuring left front government in West Bengal/ _cManik Bhattacharya |
||
| 250 | _a1 | ||
| 260 |
_aNew Delhi _bShivalik Prakashan _c2012 |
||
| 270 |
_a27/16,Shakti Nagar ,New Delhi _bNew Delhi _e110007 _k011-24564680, 42351161 _mshivalikprakashan@gmail.com |
||
| 300 |
_a168p.; _c23cm(HB) _bImages |
||
| 942 |
_2ddc _cEN _h307.141 _mBHA |
||
| 999 |
_c201496 _d201496 |
||